1171 1860 1384 1487 1097 1750 1220 1643 1565 1532 1143 1135 1493 1443 1346 1135 1776 1112 1234 1500 1656 1550 1453 1205 1429 1900 1198 1975 1398 1162 1794 1260 1292 1730 1974 1858 1480 1506 1601 1950 1448 1603 1885 1338 1995 1025 1798 1357 1659 1616 1316 1262 1881 1729 1480 1511 1528 1575 1691 1695 1413 1473 1006 1300 1916 1298 1390 1027 1329 1753 1434 1737 1378 1374 1224 1755 1789 1848 1058 1460 1065 1206 1318 1726 1990 1457 1743 1386 1506 1190 1829 1367 1174 1411 1364 1206 1629 1884 1646 BCNSPRNW ULIB Ver.6.0+V

เปลี่ยนเป็นภาษาไทย

Change to English
 แสดงรายละเอียดบรรณานุกรม
  กลับหน้าหลัก

Brief Record : Get Marc (ISO 2709) : E-mail record : QR code < ปิดหน้าต่าง
LEADER : 00000nam 2200000uu 4500
001    13399120062
003     ULIB
008    120828s2549||||th 000 0 tha d
020    ^a9789749454725
090    ^aนว.^bซ510ด 2549
100 0  ^aเซเรีย
245 00 ^aดอารี่ออฟเลิฟ/^cเซเรีย
250    ^aพิมพ์ครั้งที่ 1
260    ^aกรุงเทพฯ :^bZ-Girl,^c2549
300    ^a222 หน้า
710 1  ^aZ-Girl
945    ^p150^l0^i24567
995    ^aกัณชพร
999 ^a ใช้งานได้ทุกระบบ
รายการนี้ยังไม่มีแท็ก
คุณยังไม่ได้ล็อกอิน คุณสามารถมีกิจกรรมร่วมกับเว็บไซต์ได้ แต่ต้องล็อกอินก่อน ::
  ล็อกอิน

รายการสื่อสารสนเทศ

ลำดับที่ ประเภท เลขเรียก/บาร์โค้ด สถานที่ สถานะ
1. นวนิยาย
นวนิยาย
นว. ซ510ด 2549  
  Barcode: 24567
ห้องสมุดวิทยาเขตสวรรค์ประชารักษ์
►นวนิยาย
บนชั้น
  ขอยืม

BibComment


ยังไม่เคยถูกคอมเมนท์

คอมเมนท์ทรัพยากรรายการนี้
  คอมเมนท์: ดอารี่ออฟเลิฟ เซ..


 Copyright 2026. Bcnsprnw @Library